=LDR 00000nam 2200000 4500 =001 INLIS000000001053525 =005 20250317103846 =035 ##$$a 0010-0325000057 =007 ta =008 250317################g##########0#ind## =020 ##$$a 979-95774-0-1 =082 ##$$a 354.55 =084 ##$$a 354.55 SAN p =100 #$$a San Afri Awang =245 1#$$a Politik kehutanan masyarakat /$c San Afri Awang =250 ##$$a Cetakan pertama =260 ##$$a Yogyakarta :$b Center for Critical Social Studiens (CCSS ),$c 2003 =300 ##$$a xxii, 300 halaman ; $c 15 x 23, 5 cm =600 #4$$a Politik Kehutanan =990 ##$$a 02800280